Kadra Tottenhamu na sezon 2020/2021 - Statystyki

Ogólne statystyki
  • Ten quiz został rozwiązany 72 razy
  • Średni wynik to 16 z 28
Statystyki odpowiedzi
Numer Nazwisko % Poprawnych
10 Harry Kane
100%
7 Heung Min Son
100%
1 Hugo Lloris
98%
20 Dele Alli
80%
27 Lucas Moura
79%
6 Davinson Sanchez
75%
4 Toby Alderweireld
74%
15 Eric Dier
69%
28 Tanguy Ndombele
69%
17 Moussa Sissoko
66%
8 Harry Winks
62%
22 Paulo Gazzaniga
61%
33 Ben Davies
59%
24 Serge Aurier
59%
11 Erik Lamela
56%
3 Danny Rose
54%
18 Giovani Lo Celso
52%
12 Joe Hart
49%
23 Steven Bergwijn
49%
5 Pierre-Emile Höjbjerg
41%
2 Matt Doherty
39%
25 Japhet Tanganga
34%
19 Ryan Sessegnon
31%
41 Alfie Whiteman
26%
21 Juan Foyth
26%
30 Gedson Fernandes
16%
38 Cameron Carter-Vickers
13%
47 Jack Clarke
11%
Nie znaleziono quizów pasujących do podanych kryteriów
Rozkład punktacji
Procent ludzi z każdym wynikiem
Percentyl według liczby udzielonych odpowiedzi
Twoja historia wyników
Nie rozwiązałeś tego quizu